000 00493nam a2200181Ia 4500
005 20250508152701.0
008 008 250505s9999 xx 000 0 eng d
037 _aTextual
040 _aFEDL
_beng
_cFEDL
041 _aeng
_2eng
084 _a635.2663, CLE
_qFEDL
100 _aClements Julia
_9762142
245 0 _aFun with flowers
260 _aLondon, UK
_bC Arthur Pearson Ltd
_c1959
300 _a144p.
942 _cTEXL
_h635.2663, CLE
999 _c1338039
_d1338039